Memòria de l'actuació i organització de l'Escola d'Administració Pública : curs 1922-1923 curs 1922-1923
Descripción Física:
31 p. ; 22 cm
MARC
| LEADER | 00000nam a2200000Ia 4500 | ||
|---|---|---|---|
| 001 | 2222 | ||
| 008 | 160829s9999 xx 000 0 cat d | ||
| 080 | |a RF-5-4 | ||
| 110 | |a Escola d'Administració Pública de Catalunya |9 15494 | ||
| 245 | |a Memòria de l'actuació i organització de l'Escola d'Administració Pública : |b curs 1922-1923 | ||
| 260 | |a Barcelona : |b (Imp. Casa Caritat), [1923?] | ||
| 300 | |a 31 p. ; |c 22 cm | ||
| 590 | |a Abans del títol, Mancomunitat de Catalunya. | ||
| 590 | |a Hi ha dos duplicats: DUP-21-22 (R. 6116), DUP-65-38 | ||
| 650 | |a Escola d'Administració Pública de Catalunya |x Memòries |9 26864 | ||
| 710 | 2 | |a Catalunya. |b Mancomunitat |9 53015 | |
| 856 | 4 | |u https://media.diba.cat/diba/fitxers/arxiu/fulletons/bib_2222_1923_baixa.pdf |y Accés lliure | |
| 856 | 4 | |u https://media.diba.cat/diba/fitxers/arxiu/fulletons/bib_2222_1923_baixa.pdf |y Accés lliure | |
| 901 | |a Arxiu | ||
| 942 | |n 1 |2 udc | ||
| 952 | |0 0 |1 0 |4 0 |6 RF54 |7 1 |9 44178 |a Arxiu |b Arxiu |d 2016-12-01 |l 0 |o RF-5-4 |p 2222 |r 2016-12-01 00:00:00 |w 2016-12-01 |y ARXIU | ||
| 999 | |c 46758 |d 46758 | ||
| 900 | |a bib_2222_1923_baixa.pdf | ||